| 000 | 00323nam a22001217a 4500 | ||
|---|---|---|---|
| 082 |
_a953.8 _bTHO _cD |
||
| 100 |
_aThomas, Lowell _949768 |
||
| 245 | _aWith lawrence in arabia | ||
| 260 |
_aLondon, _bHutchinson & Co, |
||
| 300 |
_aviii, 317p. _bill. _c28cm. |
||
| 526 |
_a0 _b0 _c0 _d953_800000000000000_THO |
||
| 942 |
_2ddc _cBK |
||
| 999 |
_c552819 _d552819 |
||